<?xml version="1.0" encoding="UTF-8"?>
<record
    xmlns:xsi="http://www.w3.org/2001/XMLSchema-instance"
    xsi:schemaLocation="http://www.loc.gov/MARC21/slim http://www.loc.gov/standards/marcxml/schema/MARC21slim.xsd"
    xmlns="http://www.loc.gov/MARC21/slim">

  <leader>00490nam a22001457a 4500</leader>
  <controlfield tag="005">20150318112418.0</controlfield>
  <controlfield tag="008">150318b        xxu||||| |||| 00| 0 eng d</controlfield>
  <datafield tag="040" ind1=" " ind2=" ">
    <subfield code="c">PK-LaUMT</subfield>
  </datafield>
  <datafield tag="082" ind1=" " ind2=" ">
    <subfield code="a">KHC 297.81</subfield>
    <subfield code="b">GHU-M</subfield>
  </datafield>
  <datafield tag="100" ind1=" " ind2=" ">
    <subfield code="a">&#x63A;&#x644;&#x627;&#x645; &#x645;&#x62D;&#x645;&#x62F; &#x645;&#x635;&#x637;&#x641;&#x6D2;</subfield>
  </datafield>
  <datafield tag="245" ind1=" " ind2=" ">
    <subfield code="a">&#x645;&#x633;&#x644;&#x645;&#x627;&#x646;&#x627;&#x646; &#x633;&#x6C1;&#x627;&#x631;&#x646; &#x67E;&#x648;&#x631; &#x627;&#x648;&#x631; &#x62A;&#x62D;&#x631;&#x6CC;&#x6A9; &#x62F;&#x627;&#x631;&#x627;&#x644;&#x639;&#x644;&#x648;&#x645; &#x62F;&#x6CC;&#x648;&#x628;&#x646;&#x62F;</subfield>
    <subfield code="c">&#x63A;&#x644;&#x627;&#x645; &#x645;&#x62D;&#x645;&#x62F; &#x645;&#x635;&#x637;&#x641;&#x6D2;</subfield>
  </datafield>
  <datafield tag="260" ind1=" " ind2=" ">
    <subfield code="a">&#x627;&#x633;&#x644;&#x627;&#x645; &#x622;&#x628;&#x62F;</subfield>
    <subfield code="b">&#x627;&#x633;&#x644;&#x627;&#x645;&#x6A9; &#x628;&#x6A9; &#x641;&#x627;&#x648;&#x646;&#x688;&#x6CC;&#x634;&#x646;</subfield>
    <subfield code="c">1990</subfield>
  </datafield>
  <datafield tag="300" ind1=" " ind2=" ">
    <subfield code="a">465 &#x635;</subfield>
  </datafield>
  <datafield tag="942" ind1=" " ind2=" ">
    <subfield code="c">BK</subfield>
  </datafield>
  <datafield tag="999" ind1=" " ind2=" ">
    <subfield code="c">68021</subfield>
    <subfield code="d">68021</subfield>
  </datafield>
  <datafield tag="952" ind1=" " ind2=" ">
    <subfield code="0">0</subfield>
    <subfield code="1">0</subfield>
    <subfield code="4">0</subfield>
    <subfield code="7">0</subfield>
    <subfield code="a">01</subfield>
    <subfield code="b">01</subfield>
    <subfield code="d">2015-03-18</subfield>
    <subfield code="l">0</subfield>
    <subfield code="o">KHC 297.81 GHU-M</subfield>
    <subfield code="p">73815</subfield>
    <subfield code="r">2015-03-18 00:00:00</subfield>
    <subfield code="w">2015-03-18</subfield>
    <subfield code="y">BK</subfield>
  </datafield>
</record>
